Amamos a Pablo, odiamos a los políticos: las repercusiones de Escobar, el patrón del mal /

সংরক্ষণ করুন:
গ্রন্থ-পঞ্জীর বিবরন
প্রধান লেখক: Rincón, Omar
বিন্যাস: পাঠ‍্য
ট্যাগগুলো: ট্যাগ যুক্ত করুন
কোনো ট্যাগ নেই, প্রথমজন হিসাবে ট্যাগ করুন!

MARC

LEADER 00000 a a2200000 04500
001 48758
003
040
100 |a Rincón, Omar  
245 |a Amamos a Pablo, odiamos a los políticos:   |b las repercusiones de Escobar, el patrón del mal /  |c Omar Rincón  
773 |a número255, (2015), páginas 94-105  
999 |c 31993  |d 31993